| 000 | 01240nam a2200325 i 4500 | ||
|---|---|---|---|
| 001 | 20066 | ||
| 003 | ES-MaACL | ||
| 005 | 20250728033738.0 | ||
| 007 | t| | ||
| 008 | 021125s2002 sp a ||||1| spa d | ||
| 020 | _a84-89913-37-4 | ||
| 080 | _a77 Sander, August (083.824) | ||
| 080 | _a77.041.5-055.2(083.824) | ||
| 100 | 1 |
_aSander, August. _9103072 |
|
| 245 | 1 | 0 |
_aRetratos : _bla mujer en el proyecto Hombres del siglo XX : [exposición]. |
| 260 |
_aMadrid : _bFundación Santander Central Hispano : _bLa Fábrica, _c2002. |
||
| 300 |
_a149 p. : _bfot. ; _c30 cm. |
||
| 585 | _aExposición celebrada en el marco del Festival Internacional de Fotografía, PHotoEspaña 2002. | ||
| 600 | 1 | 4 |
_aSander, August- _vExposiciones. _9103073 |
| 650 | 4 |
_aFotografía- _yS.XX- _vExposiciones. _9173150 |
|
| 650 | 7 |
_aFotografía de mujeres _2embne _9141931 |
|
| 650 | 4 |
_aMujeres- _xRetratos- _vExposiciones. _9173400 |
|
| 650 |
_aMujeres- _xEn el arte- _vExposiciones. _915330 |
||
| 655 | 7 |
_2tgfbne _9193628 _aCatálogos de exposiciones |
|
| 710 | 2 |
_aFundación Santander Central Hispano. _94415 |
|
| 711 | 2 |
_aPHotoEspaña ( _n5º. _d2002. _cMadrid) _9923 |
|
| 852 |
_aES-MaACL _jL-26190 |
||
| 942 | _2udc | ||
| 999 |
_c20066 _d20066 |
||